|
|
|
|
| LEADER |
00000nab a2200000 a 4500 |
| 001 |
vtls000669258 |
| 003 |
SK-MaSNL |
| 005 |
20260304095250.0 |
| 008 |
250425c1998 xo 0 slo |
| 015 |
|
|
|a SNBRB1998/08-21266
|
| 035 |
|
|
|a CLN000021437
|
| 035 |
|
|
|a (urnnbn)urn:nbn:sk:snk:ar-a083sk
|
| 035 |
|
|
|a (uuid)b023f5f7-8084-4f44-92a8-1461e9249940
|
| 035 |
|
|
|a urn:nbn:sk:snk-ab8cuk
|
| 040 |
|
|
|a SNKBUCL
|b slo
|c SNKBUCL
|e AACR2
|
| 041 |
0 |
|
|a slo
|
| 044 |
|
|
|a xo
|c SK
|
| 080 |
|
|
|a 930.9(048)
|2 1997
|
| 080 |
|
|
|a 623.82(091)(048)
|2 1997
|
| 100 |
1 |
|
|a Katreba, Zoltán,
|d 1974-
|4 aut
|9 203831
|
| 245 |
1 |
0 |
|a Grégr, R.: Battleship of the world
|c Z. Katreba
|
| 650 |
0 |
7 |
|a vojenské lode
|2 snkbucl
|9 90232
|
| 655 |
|
7 |
|a články z novín a časopisov
|2 snkbucl
|9 267496
|
| 773 |
0 |
|
|t Vojenská história
|g Roč. 2, č. 2 (1998), s. 116-118
|x 1335-3314
|
| 787 |
0 |
8 |
|i Rec.:
|a Grégr, René
|t Battleship of the world
|d London : Greenhill books, 1997
|
| 850 |
|
|
|a Slovenská národná knižnica
|
| 852 |
|
|
|a Slovenská národná knižnica
|
| 954 |
|
|
|a odborná, vedecká literatúra pôvodná (slovenská)
|2 lita
|
| 958 |
|
|
|a article9
|
| 958 |
|
|
|a GB
|
| 958 |
|
|
|a OND
|
| 958 |
|
|
|a EUIPO
|
| 992 |
|
|
|a RBX
|
| 999 |
|
|
|c 2831723
|d 2833653
|